000 00919nam a2200265 i 4500
001 177284
003 ES-MaACL
005 20230906220309.0
007 t|
008 110314s1974 fr abdf ||||1| fre d
080 _a913(728)
100 1 _aLasserre, Guy.
_9145621
245 1 4 _aLes Amériques du centre
_b: Mexique, Amérique centrale, Antilles, Guyanes /
_cpar Guy Lasserre.
250 _a[1re éd.].
260 _aParis :
_bPresses Universitaires de France,
_c1974.
300 _a380, [8] p. de lám. bl. y n. :
_bil. bl. y n. ;
_c19 cm.
490 1 _aMagellan. La Géographie et ses problèmes ;
_v28
500 _aÍndices.
504 _aBibliografía: p. 367-372.
546 _aTexto en francés.
651 4 _aAmérica central-
_xGeografía.
_9145622
830 0 _aMagellan. La Géographie et ses problèmes ;
_v28
_9182333
852 _aES-MaACL
_jE-14683
_xOlim P-507
999 _c177284
_d177284